| 000 | 00843cam a22002653a 4500 | ||
|---|---|---|---|
| 001 | 3460 | ||
| 003 | PGUSA | ||
| 005 | 20140828083032.0 | ||
| 008 | 021001s2002||||xxu|||||s|||||000 1 eng d | ||
| 040 |
_aPGUSA _beng |
||
| 042 | _adc | ||
| 050 | 4 | _aPT | |
| 100 | 1 |
_aMühlbach, L. _q(Luise), _d1814-1873 |
|
| 245 | 1 | 0 |
_aOld Fritz and the New Era _h[electronic resource] / _cL. Mühlbach |
| 260 |
_bProject Gutenberg, _c2002 |
||
| 500 | _aTranslation of: Der alte Fritz und seine Zeit. | ||
| 506 | _aPublic domain in the USA. | ||
| 516 | _aElectronic text | ||
| 653 | _aFrederick II, King of Prussia, 1712-1786 -- Fiction | ||
| 653 | _aPrussia (Germany) -- History -- Frederick II, 1740-1786 -- Fiction | ||
| 700 | 1 | _aLangley, Peter | |
| 830 | 0 |
_aProject Gutenberg _v3460 |
|
| 856 | 4 | 0 | _uhttp://www.gutenberg.org/ebooks/3460 |
| 942 | _cEB | ||
| 999 |
_c232789 _d232789 |
||